| 000 | 00485nam a22001937a 4500 | ||
|---|---|---|---|
| 003 | CEME | ||
| 005 | 20210628202928.0 | ||
| 008 | 210211b xxu||||| |||| 00| 0 eng d | ||
| 020 | _a0-333-79444-3 | ||
| 040 | _c. | ||
| 082 | _a511.2 GIL | ||
| 100 |
_aGilbert, John Jordan, Camilla _962359 |
||
| 245 | _aGuide to mathematical methods | ||
| 250 | _a2nd | ||
| 260 |
_aNEW YORK _bPALGRAVE _c2002 |
||
| 300 | _aXVII,419 P | ||
| 650 |
_aMATHEMATICAL METHODS _956178 |
||
| 942 |
_cBK _2ddc |
||
| 999 |
_c571490 _d571490 |
||